LEADER 01088nam a2200253 i 4500 001 000000162097 003 CaOOAMICUS 005 20230414141109.0 008 070606s1960 it u000 u ita u 040 $aSeMil$bita 100 1 $aSchick, Carla.$0(OLS)http://semarc/name/9330 245 13$aIl linguaggio /$cCarla Schick. 246 04$iTitolo in copertina:$aIl linguaggio : natura, struttura, storicità del fatto linguistico 264 1$aTorino :$bGiulio Einaudi,$c1960. 300 $a383 p. ;$c18 cm. 490 1 $aPiccola biblioteca Einaudi ;$v2 650 4$aLinguistica.$0(OLS)http://semarc/subject/2222 830 0$aPiccola biblioteca Einaudi ;$v2.$0(OLS)http://semarc/title/11221 850 $aSeMil 852 $aSeMil$W1$xVenegono$y1$m1P I 2$j239503$B113474$CSeMilBibl$Z2$F124061 $81 996 $6245$aIl linguaggio$9(OLS)http://semarc/title/113814 996 $6246$aIl linguaggio : natura, struttura, storicità del fatto linguistico$9(OLS)http://semarc/title/145611 996 $6264$aTorino :$bGiulio Einaudi$9(OLS)http://semarc/publisher/29810 LEADER 00979nam a2200241 i 4500 001 000000104973 003 CaOOAMICUS 005 20020122000000.0 008 020122s1971 be u000 u lat u 013 $a77162 040 $aSeMil$bita 245 10$aZenonis Veronensis Tractatus /$cedidit B. Löfstedt. 260 $aTurnhout :$bBrepols,$c1971. 300 $aVIII, 123, 230 p. ;$c26 cm. 490 0 $aCorpus Christianorum. Series Latina ;$v22. 700 1 $aLöfstedt, Bengt,$d<1931-2004>.$0(OLS)http://semarc/name/2754 700 0 $aZeno,$c.$0(OLS)http://semarc/name/15800 830 0$aCorpus Christianorum. Series Latina ;$v22.$0(OLS)http://semarc/title/37 850 $aSeMil 852 $aSeMil$W1$xVenegono$y1$mSL2.J I 22$j61268$B61268$CSeMilBibl$Z2$F70546 $8I 961 $aSottoscrizione: Brepols 996 $6245$aZenonis Veronensis Tractatus$9(OLS)http://semarc/title/152062 996 $6260$aTurnhout :$bBrepols$9(OLS)http://semarc/publisher/29626